| 000 | 01060nam a2200217 a 4500 | ||
|---|---|---|---|
| 001 | 22769 | ||
| 003 | CO-ViMGA | ||
| 008 | 141112s2004 ck r 000 u spa d | ||
| 020 | _a9589613802 | ||
| 040 |
_aCO-ViMGA _bspa _cCO-ViMGA |
||
| 082 | 0 | 4 | _a384.0896 S175a |
| 100 | 1 |
_aSarmiento Palacio, Eduardo; Arango, Juan Pablo; Daza, Enrique _932511 |
|
| 245 | 1 | 0 |
_aLa apertura y privatización de las telecomunicaciones : _bLa apertura de las comunicaciones, Otro atentado contra el patrimonio nacional |
| 260 |
_aColombia : _bCedetrabajo |
||
| 300 | _a195p. | ||
| 505 | _aLa apertura de las telecomunicaciones : Introducción, Estructura del mercado de telecomunicaciones, Estado de telecom, propuesta de reforma, resumen ejecutivo \ \ Otro atentado contra el patrimonio nacional : Significado de la globalización, Aspecto económico, aspecto tecnico, aspecto social, anexo legal | ||
| 650 | 1 | 4 |
_aPRIVATIZACION - COLOMBIA _932512 |
| 650 | 1 | 4 |
_aPRIVATIZACION DE TELEVISION - COLOMBIA _932513 |
| 650 | 1 | 4 | _aTELECOMUNICACIONES - COLOMBIA |
| 942 |
_2ddc _cBK |
||
| 999 |
_c31066 _d31066 |
||